Seismic isolation for architects / (Record no. 6582)

000 -LEADER
fixed length control field 00978cam a2200289 i 4500
005 - DATE AND TIME OF LATEST TRANSACTION
control field 20200309123814.0
008 - FIXED-LENGTH DATA ELEMENTS--GENERAL INFORMATION
fixed length control field 160315s2017 enk 001 0 eng
010 ## - LIBRARY OF CONGRESS CONTROL NUMBER
LC control number 2016008766
020 ## - INTERNATIONAL STANDARD BOOK NUMBER
International Standard Book Number 9781138813205 (hardback : alk. paper)
020 ## - INTERNATIONAL STANDARD BOOK NUMBER
International Standard Book Number 9781138813212 (pbk. : alk. paper)
020 ## - INTERNATIONAL STANDARD BOOK NUMBER
Cancelled/invalid ISBN 9781315748313 (ebook)
040 ## - CATALOGING SOURCE
Original cataloging agency DLC
Language of cataloging eng
Transcribing agency DLC
Description conventions rda
Modifying agency DLC
042 ## - AUTHENTICATION CODE
Authentication code pcc
050 00 - LIBRARY OF CONGRESS CALL NUMBER
Classification number TA658.44
Item number .C37 2017
082 00 - DEWEY DECIMAL CLASSIFICATION NUMBER
Classification number 693.852
Edition number 23
Item number CHA
100 1# - MAIN ENTRY--PERSONAL NAME
Personal name Charleson, Andrew,
Relator term author.
245 10 - TITLE STATEMENT
Title Seismic isolation for architects /
Statement of responsibility, etc Andrew Charleson and Adriana Guisasola.
300 ## - PHYSICAL DESCRIPTION
Extent ix, 194 pages ;
Dimensions 25 cm
500 ## - GENERAL NOTE
General note Includes index.
650 #0 - SUBJECT ADDED ENTRY--TOPICAL TERM
Topical term or geographic name as entry element Earthquake resistant design.
650 #0 - SUBJECT ADDED ENTRY--TOPICAL TERM
Topical term or geographic name as entry element Isolating mechanisms.
650 #0 - SUBJECT ADDED ENTRY--TOPICAL TERM
Topical term or geographic name as entry element Buildings
General subdivision Vibration.
700 1# - ADDED ENTRY--PERSONAL NAME
Personal name Guisasola, Adriana,
Relator term author.
906 ## - LOCAL DATA ELEMENT F, LDF (RLIN)
a 7
b cbc
c orignew
d 1
e ecip
f 20
g y-gencatlg
942 ## - ADDED ENTRY ELEMENTS (KOHA)
Source of classification or shelving scheme
955 ## - COPY-LEVEL INFORMATION (RLIN)
Book number/undivided call number, CCAL (RLIN) rk09 2016-03-15
Copy status, CST (RLIN) rk09 2016-03-15
Classification number, CCAL (RLIN) xn11 2016-08-27 1 copy rec'd., to CIP ver.
Holdings
Withdrawn status Lost status Damaged status Koha normalized classification for sorting Not for loan Permanent location Current location Date acquired Cost, normal purchase price Full call number Barcode Date last seen Price effective from Koha item type Source of classification or shelving scheme Shelving location
      693_852000000000000   BMS College of Architecture, Design and Planning BMS College of Architecture, Design and Planning 2020-03-03 4.05 693.852 AR-UG484 2020-03-03 2020-03-03 UG Books    
          BMS College of Architecture, Design and Planning BMS College of Architecture, Design and Planning 2020-03-09     AR-UG1383 2020-03-09 2020-03-09 UG Books   Book Cart
Copyright © 2025, The Librarian, Library and Information Centre, BMSCA D&P, Bengaluru. All Rights Reserved
web counter

Powered by Koha